| 000 | 01863ncm0a2200409 4500 | ||
|---|---|---|---|
| 001 | RU\NLR\ONIZ\213160 | ||
| 005 | 20250624205212.0 | ||
| 013 | _a979-0-706373-76-8 | ||
| 021 |
_aRU _b11-437н _911-37н |
||
| 035 | _aRU\NLR\ONIZ\GALA\5000026423\20151129164452 | ||
| 035 | _a(NLR Aleph) 010985943 | ||
| 071 | 2 | 0 | _a17021 |
| 090 |
_a10901806 _c10901806 |
||
| 100 | _a20151129d2011 |||y0rusy50 ca | ||
| 101 | 0 | _arus | |
| 102 | _aRU | ||
| 125 | _aax | ||
| 200 | 1 |
_aПроизведения _bНоты _eдля альта и фп. и альта соло _fА. Хачатурян |
|
| 210 |
_aМосква _cМузыка _dcop. 2011 |
||
| 215 |
_a20 с., 1 парт. (16 с.) _d29 см |
||
| 300 | _aПарал. рус., англ. | ||
| 327 | 1 |
_a1. Сюита : для альта и фп.; _a2. Соната : для альта соло |
|
| 464 | 0 |
_12001#$aСюита$eдля альта и фп. _16061#$aСюиты для альта и фортепиано$xНоты$yРоссия$z20 в.$2nlr_sh _1686##$aЩ955.5-42-043(2)$vLBC/SL$2rubbk _tСюита |
|
| 464 | 0 |
_12001#$aСоната$eдля альта соло _16061#$aСонаты для альта соло$xНоты$yСССР$z20 в.$2nlr_sh _1686##$aЩ955.5-0-051(2)$vLBC/SL$2rubbk _tСоната |
|
| 606 | 1 |
_aПроизведения для альта _yСССР _z20 в. _jНоты _2nlr_sh |
|
| 686 |
_aЩ955.5я44(2) _vLBC/SL _2rubbk |
||
| 700 | 1 |
_9z01790 _aХачатурян _bА. И. _f1903-1978 _gАрам Ильич _4230 |
|
| 790 | 1 |
_9z01700 _aXachaturyan _bA. I. _f1903-1978 _gAram Il'ich _4230 |
|
| 801 | 0 |
_aRU _bNLR _c20151129 _gPSBO |
|
| 801 | 1 |
_aRU _bNLR _c20151129 _2rusmarc |
|
| 801 | 2 |
_aRU _bNLR _c20190630 |
|
| 852 |
_aNLR _bМ _jК-3/27285 _pМОЭ 2011-37н/437н _t1 |
||
| 852 |
_aNLR _bМ _jК-3/27285а _pМОЭ 2011-37н/437на _t2 |
||
| 942 | _cSCORE | ||
| 980 | _aNB | ||
| 980 | _aONIZ | ||